Responses for show #6431 - Monday, July 30, 2012

2012 Kids Week game 1.

Contestants

Matthew Cline, a 12-year-old from Maumelle, Arkansas

Anna Cambron, a 10-year-old from Louisville, Kentucky

Mandy Berry, an 11-year-old from Baltimore, Maryland

Jeopardy! Round responses

MUSICAL INSTRUMENTS
A HISTORY LESSON
IT'S MOVIE TIME
NATURAL DISASTERS
BIG STUFF
3 Ses
    $200 5
a piano

Matthew
    $200 12
a pharaoh

Anna
    $200 1
Doctor Dolittle

Matthew
    $200 26
a flood

Matthew
    $200 21
Legos

Anna
    $200 13
trespass

Anna
    $400 2
the tuba

Matthew
    $400 18
the Constitution

Anna
    $400 8
E.T.

Matthew
    $400 27
(Matthew: What are tsunamis?)

hurricanes

AnnaMatthew
    $400 22
jack o'lanterns (or pumpkins)

Matthew
    $400 14
assist

Anna
    $600 6
cymbals

Matthew
    $600 19
Napoleon

Anna
    $600 9
Rango

Matthew
    $600 28
a volcanic eruption

Matthew
    $300 23
a pearl

Matthew
    $600 15
dismiss

Anna
    $800 4
(Mandy: What is a trumpet?)

a trombone

MandyAnna
    $800 20
the '60s

Matthew
    $800 10
Arrietty

Anna
    $800 29
a famine

Anna
    $800 24
a jigsaw puzzle

Anna
    $800 16
hostess

Anna
    $1000 3
frets

Matthew
    $1000 7
(Mandy: What is the Louvre?)

Versailles

MandyAnna
    $1000 11
The Sound of Music

Matthew
    $1000 30
a landslide

Mandy
    $1000 25
an apatosaurus

Mandy
    $1000 17
session

Matthew

Scores at the first commercial break (after clue 16):

Mandy Anna Matthew
-$1,800 $4,800 $4,400

Scores at the end of the Jeopardy! Round:

Mandy Anna Matthew
$200 $8,000 $7,300

Double Jeopardy! Round responses

PERFORMING KIDS
BOOK REPORT
TRAVELING THE USA
IT'S A NOISY PLANET
THINGS THAT GO BLOOM
"B" PLUS
    $400 11
iCarly

Mandy
    $400 2
(Matthew: What is Willy Wonka and the Chocolate Factory?)

Charlie and the Chocolate Factory

AnnaMatthew
    $400 16
Texas

Matthew
    $400 21
decibels

Anna
    $400 22
a dandelion

Matthew
    $400 1
blastoff

Anna
    $150 12
Hugo

Mandy
    $800 3
Hear My Cry

Anna
    $800 17
the Mississippi River

Anna
    $800 23
ringing

Anna
    $800 24
roses

Anna
    $800 7
a bar graph

Anna
    $1200 13
Smith

Matthew
    $1200 4
The Magic Tree House

Matthew
    $1200 18
Lake Superior

Mandy
    $1200 26
a snowmobile

Matthew
    $1200 25
lilies

Matthew
    $1200 8
a boulevard

Anna
    $1600 14
Justin Bieber

Matthew
    $1600 5
War of the Worlds

Matthew
    $1600 19
Florida

Triple Stumper
    $10 27
(Matthew: What is sickness?)

pollution

Matthew
    $1600 29
a violet

Matthew
    $1600 9
a basin

Triple Stumper
    $2000 15
Two and a Half Men

Matthew
    $2000 6
Sarah, Plain & Tall

Anna
    $2000 20
the Blue Ridge Mountains

Matthew
    $2000 28
a tractor

Anna
    $2000 30
a carnation

Triple Stumper
    $2000 10
bonsai

Anna

Scores at the end of the Double Jeopardy! Round:

Mandy Anna Matthew
$1,950 $20,400 $21,290

[wagering suggestions for these scores]

Final Jeopardy! Round responses

NOTABLE AMERICANS
MandyWho is
$500
AnnaWho is Thomas Edison?
$16,001
MatthewWho is Thomas Edison?
$19,511
Thomas Alva Edison

Final scores:

Mandy Anna Matthew
$1,450 $36,401 $40,801
3rd place: $1,000 2nd place: $2,000 Winner: $40,801

Game dynamics:

Coryat scores:

Mandy Anna Matthew
$2,600 $20,400 $21,600
5 R
(including 1 DD),
2 W
26 R,
0 W
25 R
(including 1 DD),
3 W
(including 1 DD)

Combined Coryat: $44,600

The J! Archive is created by fans, for fans. The Jeopardy! game show and all elements thereof, including but not limited to copyright and trademark thereto, are the property of Jeopardy Productions, Inc. and are protected under law. This website is not affiliated with, sponsored by, or operated by Jeopardy Productions, Inc. Join the discussion at JBoard.tv.